000 00633nam a2200229Ia 4500
003 OSt
005 20220925215156.0
006 a|||||r|||| 00| 0
007 ta
008 220923b |||||||| |||| 00| 0 eng d
037 _cGeneral Book
040 _aRTL
_cRTL
_beng
041 _2eng
_aeng
082 _aX:9581.73.N5, L6
100 _aDrucker Peter F
245 0 _aUnseen revolution
_b How pension fund socdialism ca
260 _aLondon
_bHeinemann
_c1976
300 _a214p.
_ccm.
650 _aPension
942 _hX:9581.73.N5, L6
_cGB
_2CC
999 _c568106
_d568106